Find the Countries of North America Quiz Stats

 Plays Quiz Updated Jul 13, 2016

Challenge
Share
Tweet
Score 0/23 Timer 05:00
84 Plays Today
% Correct
United States of America
95.2%
Mexico
94.9%
Canada
94.8%
Cuba
90.5%
Panama
88%
Dominican Rep.
84.2%
Haiti
83.6%
Bahamas
83%
Jamaica
82.5%
Belize
80.4%
Guatemala
77.9%
El Salvador
75.5%
% Correct
Honduras
75.4%
Nicaragua
73.7%
Costa Rica
72.9%
Trinidad & Tobago
71.2%
St. Vincent & The Grenadines
57.7%
Antigua & Barbuda
56.1%
Grenada
52.3%
Barbados
52.1%
St. Lucia
51.7%
St. Kitts & Nevis
50.9%
Dominica
50.9%

You're not logged in!

Compare scores with friends on all Sporcle quizzes.
Join for Free
OR
Log In

You Might Also Like...

Show Comments

Extras

Top Quizzes Today


Score Distribution

Your Account Isn't Verified!

In order to create a playlist on Sporcle, you need to verify the email address you used during registration. Go to your Sporcle Settings to finish the process.

Report this User

Report this user for behavior that violates our Community Guidelines.

Details: